Регионална библиотека "Любен Каравелов" - Русе

Убий или умри | Плюшен ковчег (Запис номер 5583)

MARC детайли
000 -Лидер
Контролно поле с фиксирана дължина 01648nam a2200373 a 4500
003 - Код на организацията, давaща контролен номер
Контролно поле BLK
005 - Дата и час на последна редакция
Контролно поле 20240131164053.0
008 - Елементи от данни с фиксирана дължина
fixed length control field 180412b bul|||||r ||||||| ||bul||
010 ## - Наследен системен номер
LC control number KNG00006779000
040 ## - Източник на каталожния запис
Идентификатор на билиотеката - собственик на записа BLK
041 ## - Код за език
Код за езика на текст/звукозапис или на отделно заглавие Български
Код за езика КДБФ Български
080 ## - УДК
Текстов определител УДК Американска литература (на САЩ)
УДК код - определител по УДК 821.111(73)
УДК определител -312.4
УДК - код + определител 821.111(73)-312.4
100 1# - Редна дума - Автор
Автор Спилейн, Мики
Авторска отговорност първи автор
Автор - информация (биография) Морис, Франк
R(LIN) 122690
139 ## - Редно поле
Редна дума Спилейн, Мики и др.
Авторски знак Спи - С 57
245 10 - Сведения за заглавието
Заглавие Убий или умри
Подзаглавни данни Кримин. роман
Редно поле (дума) Мики Спилейн; прев. от англ. Лъчезар Живин; Картър Браун; Стойчо Кьосев.
245 10 - Сведения за заглавието
Заглавие Плюшен ковчег
Подзаглавни данни Кримин. роман
Редно поле (дума) Картър Браун ; Прев. от англ. Стойчо Кьосев
257 ## - Страна на издаване
Страна на създаване/издаване Съединени американски щати
260 ## - Област на издателските данни
Място на издаване, разпространение и проч. София
Име на издателя, разпространителя и проч. Дамян Яков
Година на издаване 1995
Печатница Враца : Полипринт
300 ## - Физическа характеристика
Страници 199 с.
Размери/Мащаб 20 см
380 ## - Жанр
Жанр Худож. лит.
500 ## - Общи забележки
Забележка Ориг. загл. Kick it or kill / Mickey Spillane ; The Plush-Lined Coffin / Carter Brown. - Офс. изд. - 6 000 тир.
653 ## - Ключова дума – ненормативна
Ключова дума крими
653 ## - Ключова дума – ненормативна
Ключова дума романи
700 1# - Други автори (авторска отговорност)
Лично име Живин, Лъчезар
Автороска отговорност (Описва отношението между автора и произведението) прев. от англ.
9 (RLIN) 363834
700 1# - Други автори (авторска отговорност)
Лично име Браун, Картър
9 (RLIN) 363696
700 1# - Други автори (авторска отговорност)
Лично име Кьосев, Стойчо
9 (RLIN) 250275
852 ## - Местоположение
Форматна сигнатура Цб 180416
Фондова буква Хранилище
856 4# - Електронен адрес и достъп
Електронен формат pdf - файл
Път до файла /url/
856 4# - Електронен адрес и достъп
Електронен формат pdf - файл
Път до файла /url/
942 ## - АРТИКУЛИ
Вид на библиотечния материал Книги
Скрит в OPAC Не
Koha issues (borrowed), all copies 8
944 ## - СЪЗДАВАНЕ И РЕДАКЦИЯ на ЗАПИСА
Създаване/Редакция Създаване
Дата на регистрацията/редакция 15.01.2003
Статус, дата на статуса Радостина Карадакова
Служител, извършил регистрацията/редакцията 30534
944 ## - СЪЗДАВАНЕ И РЕДАКЦИЯ на ЗАПИСА
Създаване/Редакция Редакция
Дата на регистрацията/редакция 12.05.2017
Статус, дата на статуса ф /
Служител, извършил регистрацията/редакцията Людмила_Стоянова
999 ## - СИСТЕМНИ КОНТРОЛНИ НОМЕРА
Koha biblionumber 5583
Koha biblioitemnumber 5583
999 ## - СИСТЕМНИ КОНТРОЛНИ НОМЕРА
Koha biblioitemnumber 5583
Наличности
Код за отписване Код за изгубен артикул Източник на класификационната схема Код за повреда Коз за рестрикции Код за отдаване Артикулен № Име на библиотеката - собственик Име на библиотеката, в която се намира в момента Статус (Текущо местоположение) Дата на вписване в системата Местоположение - отдел Цена в лева Инвентарен номер Систематично азбучна сигнатура Баркод Номер на екземпляра Цена в евро Служебна бележка Служебен тип на артикула
Изтеглен Не е изгубен Universal Decimal Classification Не е повреден без рестрикции заемане за дома 9866 Регионална библиотека "Любен Каравелов" Русе Регионална библиотека "Любен Каравелов" Русе Заемна - подръчен фонд 2001-01-01 Заемна - подръчен фонд 0.61 609524 П 820(73)-31/С 57 609524 1 0.31 Дост: Pk Вид: Ф N: стар фонд Дата: 01.01.1995 Книги
Изтеглен Не е изгубен Universal Decimal Classification Не е повреден без рестрикции заемане за дома 9867 Регионална библиотека "Любен Каравелов" Русе Регионална библиотека "Любен Каравелов" Русе Заемна - подръчен фонд 2001-01-01 Заемна - подръчен фонд 0.61 609525 П 820(73)-31/С 57 609525 2 0.31 Дост: Pk Вид: Ф N: стар фонд Дата: 01.01.1995 Книги
  Не е изгубен Universal Decimal Classification Не е повреден без рестрикции заемане за дома 9868 Регионална библиотека "Любен Каравелов" Русе Регионална библиотека "Любен Каравелов" Русе Заемна - подръчен фонд 2005-05-09 Заемна - подръчен фонд 1.50 120000693897 П 820(73)-31/С 57 120000693897 3 0.77 Дост: Pk Вид: Ф N: 13 Дата: 05.05.2005 Книги
  Не е изгубен Universal Decimal Classification Не е повреден без рестрикции ползва се в читалня 9869 Регионална библиотека "Любен Каравелов" Русе Регионална библиотека "Любен Каравелов" Русе Хранилище 1995-01-01 Хранилище 0.61 611739 Цб 180416 120000611739 4 0.31 Дост: Dp Вид: Д N: 15 Дата: 01.01.1995 Дата инв: 22.04.2015 Бележки инв: Цб2015 Книги
Изтеглен Не е изгубен   Не е повреден без рестрикции заемане за дома 9870 Регионална библиотека "Любен Каравелов" Русе Регионална библиотека "Любен Каравелов" Русе Заемна - подръчен фонд 2017-05-04 Заемна - подръчен фонд 12.00 120000810535 П 820(73)-31/С 57 120000810535 5 6.14 Дост: DA Вид: А N: 19 Дата: 04.05.2017 Дата инв: 01.03.2018 Бележки инв: П2018 Книги
Vip Innovations Ltd, Rousse, Bulgaria 2025